Quizzes
Events
Quiz Creation
Community
Videos
Private Events
Remove Ads
Sign In
Join for FREE
Feedback
Dark Mode
Quiz Categories
Sports
Geography
Music
Movies
Television
Just For Fun
Miscellaneous
History
Literature
Language
Science
Gaming
Entertainment
Religion
Holiday
For Kids
Quiz Lab
Recent
Popular Today
Quiz Kudos Today
Editor Picks
Curator Picks
Quizzes by...
Day
Popularity
Type
Ratings
Length
Year
Community
Subscriptions
Recent Discussions
Orange Saloon
Badges
Playlists
Quests
Create
Leaderboards
Showdown
Live 5
Trivia Bingo
Activity
Puzzle Library
Sporcle Events
Private Events
Virtual Trivia
Globe League
Become a Host
Pub Owners
SporcleCon
Opinionation
Our Games
Videos
Blog
Mobile Apps
Partnerships
Remove Ads and Go Orange
Feedback
Sports
Athletes
MLB
NBA
NHL
NFL
Soccer
Sports Teams
WWE
NCAA
Football
Premier League
Basketball
Baseball
Hockey
Golf
Tennis
Cricket
Rugby
Auto Racing
Olympics
World Cup
Sports
Athletes
MLB
NBA
NHL
NFL
Soccer
Sports Teams
WWE
NCAA
Football
Premier League
Basketball
Baseball
Hockey
Golf
Tennis
Cricket
Rugby
Auto Racing
Olympics
World Cup
Random Quiz
Search Sporcle
×
Quiz Lab
Quiz Lab
Sports
NBA
Type in answers that appear in a list
Type in answers that appear in a list
Classic
Best Score? Go Orange.
Cleveland Cavaliers players by number Stats
Can you name a Cleveland Cavaliers player for each number?
By
roseman
20m
53 Questions
48 Plays
48 Plays
48 Plays
Comments
Comments
Give Quiz Kudos
Give Quiz Kudos
-
- Ratings
hide this ad
Forced Order
Answers have to be entered in order
Answers have to be entered in order
Replay
Link that replays current quiz
Next Quiz
Link to next quiz in quiz playlist
You Got
0%
They Got
Avg Score
26%
Avg Friend Score
Upgrade to see
Score Distribution
Jump to the score distribution portion of the page
Score
0/53
Timer
20:00
0
Plays Today
Number
Player
% Correct
2
Mo Howard, Kenny Carr, Reggie Williams, Mike Woodson, Reggie Geary, Scott Brooks, Mark Bryant, Jim Jackson, Dajuan Wagner, Ronald Murray, Mo Williams, Kyrie Irving
89.6%
23
Gary Freeman, Jackie Ridgle, Rowland Garrett, Mike Bratz, Bruce Flowers, Tyrone Corbin, John Morton, Rod Higgins, Carl Thomas, Derek Anderson, LeBron James
87.5%
0
Lari Ketner, Jeff McInnis, C.J. Miles, Kevin Love
72.9%
5
Bobby Lewis, Jim Cleamons, Mike Evans, John Bagley, Steve Kerr, Steve Colter, Earl Boykins, Kedrick Brown, Coby Karl, Ryan Hollins, Kevin Jones, Will Cherry, J.R. Smith
72.9%
4
Campy Russell, Ron Harper, Steve Kerr, Sedric Toney, Harold Miner, Shawn Kemp, Chris Mihm, Tony Battie, David Wesley, Ben Wallace, Antawn Jamison, Luke Walton, Iman Shumpert
66.7%
13
James Silas, John Amaechi, Donny Marshall, Michael Stewart, Delonte West, Tristan Thompson
54.2%
1
Kenny Higgs, Darnell Valentine, Terrell Brandon, Wesley Person, Carlos Boozer, Stephen Graham, Daniel Gibson, Jarrett Jack, James Jones
52.1%
3
Elmore Smith, Kim Hughes, Eddie Johnson, Ennis Whatley, Craig Ehlo, Bob Sura, Jeff Trepagnier, Tierre Brown, J.R. Bremer, Sasha Pavlovic, Sebastian Telfair, Ramon Sessions, Dion Waiters, Kendrick Perkins, Mike Dunleavy, Derrick Williams
45.8%
24
Fred Foster, John Lambert, Kevin Restani, Carl Nicks, Keith Lee, Chris Dudley, Gerald Paddio, Jimmy Oliver, Chris Mills, Andre Miller, Jason Kapono, Donyell Marshall, Trey Johnson, Samardo Samuels, Shane Edwards, Scotty Hopson, Richard Jefferson
45.8%
11
John Warren, Walt Frazier, Willie Smith, Cliff Robinson, Kevin Johnson, Mike Sanders, Terrell Brandon, John Crotty, Zydrunas Ilgauskas
41.7%
8
Scott Wedman, Lonnie Shelton, Tim Kempton, Brian Skinner, Mateen Cleaves, Tarence Kinsey, Christian Eyenga, Jeremy Pargo, Matthew Dellavedova, Channing Frye
37.5%
26
Kyle Korver
37.5%
25
Gary Brokaw, Terry Furlow, Dave Robisch, Darren Tillis, Ron Anderson, Mark Price
35.4%
33
Bill Willoughby, Bob Wilkerson, Paul Thompson, Ben McDonald, Kannard Johnson, Derrick Chievous, Mike Sanders, Donny Marshall, Jumaine Jones, Luke Jackson, Devin Brown, Shaquille O'Neal, Alonzo Gee, Brendan Haywood
35.4%
9
Randy Smith, Mickey Dillard, Larry Kenon, Tony Campbell, Dan Majerle, Litterial Green, Cedric Jackson, Semih Erden, Luol Deng, Matthew Dellavedova, Channing Frye, Jared Cunningham, Larry Sanders
33.3%
31
Richard Washington, Randolph Keys, Fred Roberts, J.R. Reid, Ricky Davis, Zendon Hamilton, Scot Pollard, Jawad Williams, Seth Curry, Shawn Marion, Deron Williams
31.3%
22
Cliff Anderson, Austin Carr, Jim Chones, Michael Wilson, Johnny Newman, Chris Dudley, Larry Nance
29.2%
00
Milos Babic, Benoit Benjamin, Darnell Jackson, Chris Andersen
27.1%
12
Kim Hughes, Kevin Williams, Kevin Henderson, Gerald Madkins, Elmer Bennett, Brevin Knight, Bimbo Coles, Kevin Ollie, Lucious Harris, Billy Thomas, Joey Graham, D.J. Kennedy, Joe Harris, Jordan McRae
27.1%
32
John Johnson, Kenny Carr, Roy Hinson, Johnny Rogers, Henry James, Tyrone Hill, Pete Chilcutt, Chris Gatling, Jelani McCoy, Robert Traylor, Larry Hughes, Joe Smith, Luke Walton, Spencer Hawes, Derrick Williams
27.1%
14
Foots Walker, Lowes Moore, Dirk Minniefield, Bobby Phills, Mark Hendrickson, Ira Newble, Danny Green, Lester Hudson, Shaun Livingston, Henry Sims, Sasha Kaun, DeAndre Liggins
25%
17
Bobby Washington, Michael Hawkins, Smush Parker, Anderson Varejao
25%
30
Larry Mikan, Rick Roberson, Eddie Jordan, Mike Mitchell, Dave Magley, Dell Curry, Tree Rollins, Jerome Lane, Greg Dreiling, Darryl Johnson, Carl Thomas, Lamond Murray, Jon Leuer, Carrick Felix, Dahntay Jones
25%
21
Johnny Egan, Butch Beard, Campy Russell, Mack Calvin, World B. Free, Gerald Wilkins, Antonio Lang, Trajan Langdon, Darius Miles, J.J. Hickson, Mychel Thompson, Wayne Ellington, Andrew Bynum, A.J. Price
22.9%
43
Earl Tatum, Brad Daugherty
22.9%
90
Drew Gooden
22.9%
42
Dwight Davis, Nate Thurmond
20.8%
Number
Player
% Correct
18
McCoy McLemore, Charlie Davis, Hot Rod Williams, Kornel David, Anthony Parker, Mike Miller
18.8%
20
Campy Russell, Chad Kinch, Geoff Huston, Scooter McCray, Winston Bennett, Greg Graham, Johnny Newman, Larry Robinson, Bryant Stith, Eric Snow, Chris Quinn, Timofey Mozgov, Kay Felder
18.8%
34
Austin Carr
18.8%
52
Jim Brewer, Jerome Whitehead, Brad Branson, Mel Bennett, Sam Lacey, Chucky Brown, Vitaly Potapenko, DeSagana Diop, Mo Williams
18.8%
6
Larry Nance, Mitchell Butler, Jerome Moiso, Shannon Brown, Manny Harris, Ben Uzoh, Earl Clark, Andrew Bogut
16.7%
7
Bingo Smith
16.7%
10
Joe Cooke, Dick Snyder, Robert Smith, Ron Brewer, Stewart Granger, Butch Graves, John Battle, Ryan Stack, Anthony Johnson, Milt Palacio, Wally Szczerbiak, Sergey Karasev
14.6%
15
Dave Sorenson, Cornell Warner, Chuckie Williams, Butch Lee, Roger Phegley, Keith Herron, Matt Harpring, Martynas Andriuskevicius, Cedric Simmons, Jamario Moon, Donald Sloan, Marreese Speights, Anthony Bennett
14.6%
19
Lenny Wilkens, Damon Jones
14.6%
40
Gary Suiter, Greg Howard, Barry Clemens, Harry Davis, Walter Jordan, James Edwards, Joe Courtney, Tyler Zeller, Edy Tavares
14.6%
35
Rick Roberson, Jim Cleamons, Don Ford, Phil Hubbard, Danny Ferry, Clarence Weatherspoon, Demetris Nichols
12.5%
44
Walt Wesley, Luke Witte, Kim Hughes, Reggie Johnson, Paul Mokeski, Jeff Cook, Edgar Jones, Michael Cage, Shawnelle Scott, Corie Blount, Jiri Welsch, Alan Henderson, Leon Powe, Luke Harangody
10.4%
55
John Garris, Andrew DeClercq, Eric Williams, Lorenzen Wright
10.4%
85
Baron Davis
10.4%
16
Johnny Davis, Gary Alexander
6.3%
27
Tony Dumas, Dwayne Jones
6.3%
47
A.J. Bramlett, Scott Williams
6.3%
54
Melvin Turpin, Kent Benson, Gary Voce, Jay Guidinger, Robert Traylor, Lee Nailon
6.3%
89
Lou Amundson
6.3%
29
Mike Wilks
4.2%
36
Omri Casspi
4.2%
41
Eric Fernsten, Bill Laimbeer, Steve Hayes, Geoff Crompton, Mark West, Etdrick Bohannon, Bruno Sundov, Lance Allred
4.2%
45
Luther Rackley, Bob Rule, Jeff Cook, Cedric Henderson, Kaniel Dickens
4.2%
50
Len Chappell, Steve Patterson, Bill Robinzine, Ben Poquette, Bimbo Coles, Arinze Onuaku
4.2%
51
Michael Doleac
4.2%
53
Alex Kirk
4.2%
Quiz Playlist
Details
Report
Send in Message
Add To Playlist
Classic:
Type in answers that appear in a list
Forced Order:
Answers have to be entered in order
Quiz Source
Last Updated: Jul 24, 2017
Quiz Scoreboard
CHALLENGE
Sign Up to Join the Scoreboard
Show All
Scores
Hide
Comments
May contain spoilers
Recently Published
Popular People in 1961
by mucciniale
History
6m
1-10 Letter E Words III
by El_Dandy
Language
2m
One Thing in Common: World Cities II
by knightlancer
Geography
7m
More to Explore
Quiz From the Vault
Featured Blog Post
Where Did the Easter Bunny Come From?
hide this ad
You Might Also Like...
Tags
NBA Quiz
Cleveland
Cleveland Cavaliers
NBA Player
Today's Top Quizzes in Sports
Browse Sports
hide this ad
Today's Top Quizzes in NBA
Browse NBA
Top Contributed Quizzes in Sports
1
Les meilleurs buteurs des matchs entre le PSG et l’OM
2
Les entraîneurs de l'OM et du PSG au 21e siècle
3
2022 World Cup Stars
4
FIFA Club World Cup Champions
5
Name the Premier League winners with different clubs
6
La finale Lions - Afrique du Sud 2021
7
Criteria MLB: Left Handed Sluggers
8
Players with Multiple 50 Home Run Seasons
9
MLB Players with Two .350 Batting Average Seasons
10
MLB Hall of Famer by Rings
Explore More
Trending Topics
NBA
Marvel
Disney
Crossword
Kpop
Harry Potter
Anime
Pokémon
Puzzle
WWE
The Office
Song
NFL
Country
Soccer
hide this ad
More By:
roseman
Quiz
Plays
Rating
Category
Featured
Created
Played in the EPL for Arsenal and.....
6,488
4.50
Sports
Dec 19, 2016
Chelsea Premier League Goal Scorers
3,889
4.25
Sports
Mar 1, 2010
Every Premier League Footballer - A Quiz
2,255
5.00
Sports
Mar 27, 2016
Every Premier League Footballer - G Quiz
1,982
4.78
Sports
Apr 25, 2013
Every Premier League Footballer - H Quiz
1,831
5.00
Sports
Aug 14, 2013
Go to Creator's Profile
Score Distribution
Quiz Creator Spotlight
roseman
Follow
Send a Message
Quizzes Created
-
Created Quiz Play Count
-
More By This Creator
Popular Quizzes Today
1
Find the US States - No Outlines Minefield
2
The Countries of the World
3
Find the Countries of Europe - No Outlines Minefield
4
Popular People in 1961
5
1-10 Letter E Words III
6
Find the US States
7
One Thing in Common: World Cities II
8
US States
More Sports Quizzes
Sporcle's Easiest Premier Team (Per Letter)
Published
Trending Quizzes
Risky Map Clicking: Least Populous States A-Z
1-10 Letter F Words
1-10 Letter G Words
One Thing in Common: United Kingdom
Risky Map Clicking: Next State Alphabetically
Recently Updated
Leaping Animals
pecheneg
Reality TV Shows (A-Z)
bhenderson79
Rickey Henderson's Hall of Fame Teammates
pecheneg
Champions League XIs: Arsenal
pecheneg
Quick Pick: Celebrities in WWE's Hall of Fame
aduchscher
A-Z Keypad Blitz II
pecheneg
Multiple Oscar Actors
pecheneg
Mystery Phrase Blitz: Oscar 'Best Actors'
pecheneg
F. Scott Fitzgerald Novels
LTH
Pick 3 Villains
ddd62291
Trending Topics
Kpop
Anime
Crossword
Marvel
NBA
Harry Potter
Disney
Puzzle
Song
The Office
Country
WWE
Soccer
Pokémon
NFL
Your Account Isn't Verified!
In order to create a playlist on Sporcle, you need to verify the email address you used during registration. Go to your
Sporcle Settings
to finish the process.
Report this User
Report this user for behavior that violates our
Community Guidelines
.
Details:
Send Report
Go to the Sporcle.com Mobile Site →
Comments